Cars 1&3 Piston Cup Sponsors - Statistics

General Stats
  • This quiz has been taken 81 times
  • The average score is 22 of 42
Answer Stats
Answer % Correct
Rusteze
94%
Dinoco
92%
Vitoline
73%
Leak Less
71%
Apple
67%
No Stall
63%
Octane Gain
63%
RPM
61%
Sputter Stop
61%
Tank Coat
61%
Hostile Takeover Bank
59%
Shiny Wax
59%
Bumper Save
57%
Mood Springs
57%
Nitroade
57%
Clutch Aid
55%
Revolting
55%
Spare Mint
55%
Tow Cap
55%
Gasprin
53%
RevNGo
53%
Shifty Drug
51%
Viewzeen
51%
Faux Wheel Drive
49%
Transberry Juice
49%
Gaskits
47%
Tach O Mint
47%
Blinkr
45%
Fiber Fuel
45%
Intersection
45%
N2O Cola
45%
Trunk Fresh
45%
Vinyl Toupee
45%
Easy Idle
43%
Retread
43%
Triple Dent
43%
Lıl Torquey Pistons
41%
SynerG
41%
Combustr
39%
Carbon Cyber
35%
Dale Earnhardt Inc.
33%
Sidewall O Shine
10%
No matching quizzes found
Score Distribution
Percent of People with Each Score
Percentile by Number Answered
Your Score History
You have not taken this quiz